000 00589nam a2200217Ia 4500
003 OSt
005 20220928141739.0
006 a|||||r|||| 00| 0
007 ta
008 220927b |||||||| |||| 00| 0 eng d
024 _a17374
037 _cTextual
040 _aSDCL
_cSDCL
_beng
041 _2eng
_aeng
082 _aX:87, L5
100 _aPtit Thomas A
_9502009
245 0 _aFundamentals of management coordination
_b Supervisors,middle managers, and executives
260 _c1975
942 _hX:87, L5
_cTEXL
_2CC
999 _c819695
_d819695